Coat of Arms of European Monarchies - Statistics

General Stats
  • This quiz has been taken 127 times
  • The average score is 11 of 12
Answer Stats
Picture Answer % Correct
United Kingdom
96%
Vatican City
96%
Andorra
93%
Spain
93%
Sweden
90%
Belgium
89%
Luxembourg
89%
Liechtenstein
86%
Monaco
85%
Denmark
84%
Netherlands
84%
Norway
84%
No matching quizzes found
Score Distribution
Percent of People with Each Score
Percentile by Number Answered
Your Score History
You have not taken this quiz